000 00347nam a2200133Ia 4500
008 220216s9999 xx 000 0 und d
100 _aEdwards E P B
245 0 _aRubber rollers Part II - Industrial rollers
260 _bRubber Developments
_c1960
300 _a63-68
650 _aIndustrial rollers
650 _aRubber rollers
942 _cJS
999 _c67977
_d67977